000 00950nam a2200241Ia 4500
003 OSt
005 20220923231023.0
006 a|||||r|||| 00| 0
007 ta
008 220922b |||||||| |||| 00| 0 hin d
024 _a354,139
037 _cTextual
040 _aARTS
_cARTS
_bhin
041 _2hin
_ahin
082 _aO44,3:4k, 152N3.1(RR)
100 _aरामजीवन, संपा.
_9156275
245 0 _aभारतीय भाषा - संगम शब्द - कोश
_b 16 भारतीय भाषओं के शब्दों का 1 कोश
246 _aBhāratīya bhāṣhā - sangam shabda - kosha: 16 bhāratīya bhāṣhaoan ke shabdoan kā 1 kosha
260 _aदिल्ली
_b भाषा - संगम - भवन
_c1993
490 _vभाग 1
942 _hO44,3:4k, 152N3.1(RR)
_cTEXL
_2CC
999 _c388821
_d388821